| Tag |
First Indicator |
Second Indicator |
Subfields |
| LEADER |
00000cam a2200000Mi 4500 |
| 001 |
in00003569596 |
| 006 |
m o d |
| 007 |
cr mnu---uuaaa |
| 008 |
121227s1997 ne o 000 0 eng |
| 005 |
20260422195549.6 |
| 020 |
|
|
|a 9789401157681 (electronic bk.)
|
| 020 |
|
|
|a 9401157685 (electronic bk.)
|
| 020 |
|
|
|z 9789401064347
|
| 020 |
|
|
|z 9401064342
|
| 020 |
|
|
|z 9401157685
|
| 035 |
|
|
|a (OCoLC)851372770
|
| 040 |
|
|
|a AU@
|b eng
|e pn
|c AU@
|d GW5XE
|d OCLCQ
|d UtOrBLW
|
| 049 |
|
|
|a TXAM
|
| 050 |
|
4 |
|a QA251.5
|
| 072 |
|
7 |
|a PBF
|2 bicssc
|
| 072 |
|
7 |
|a MAT002010
|2 bisacsh
|
| 082 |
0 |
4 |
|a 512.46
|2 23
|
| 100 |
1 |
|
|a Ward, J. P.
|
| 245 |
1 |
0 |
|a Quaternions and Cayley Numbers :
|b Algebra and Applications /
|c by J.P. Ward.
|
| 264 |
|
1 |
|a Dordrecht :
|b Springer Netherlands,
|c 1997.
|
| 300 |
|
|
|a 1 online resource (xi, 242 pages)
|
| 336 |
|
|
|a text
|b txt
|2 rdacontent
|
| 337 |
|
|
|a computer
|b c
|2 rdamedia
|
| 338 |
|
|
|a online resource
|b cr
|2 rdacarrier
|
| 490 |
1 |
|
|a Mathematics and its applications ;
|v 403
|
| 520 |
|
|
|a This monograph is an accessible account of the normed algebras over the real field, particularly the quaternions and the Cayley numbers. The application of quaternions to spherical geometry and to mechanics is considered and the relation between quaternions and rotations in 3- and 4-dimensional Euclidean space is fully developed. The algebra of complexified quaternions is described and applied to electromagnetism and to special relativity. By looking at a 3-dimensional complex space we explore the use of a quaternion formalism to the Lorentz transformation and we examine the classification of electromagnetic and Weyl tensors. In the final chapter, extensions of quaternion algebra to the alternative non-associative algebra of Cayley numbers are investigated. The standard Cayley number identities are derived and their use in the analysis of 7- and 8-dimensional rotations is studied. Appendices on Clifford algebras and on the use of dynamic computation in Cayley algebra are included. Audience: This volume has been written at a level suitable for final year and postgraduate students.
|
| 500 |
|
|
|a Electronic resource.
|
| 650 |
|
0 |
|a Mathematics.
|
| 650 |
|
0 |
|a Algebra.
|
| 650 |
|
0 |
|a Matrix theory.
|
| 655 |
|
7 |
|a Electronic books.
|2 local
|
| 710 |
2 |
|
|a SpringerLink (Online service)
|
| 776 |
1 |
8 |
|i Print version:
|z 9789401064347
|
| 830 |
|
0 |
|a Mathematics and its applications ;
|v 403.
|
| 856 |
4 |
0 |
|u http://proxy.library.tamu.edu/login?url=https://link.springer.com/10.1007/978-94-011-5768-1
|z Connect to the full text of this electronic book
|t 0
|
| 994 |
|
|
|a 92
|b TXA
|
| 999 |
|
|
|a MARS
|
| 999 |
f |
f |
|s 6ec20ee7-9252-31ed-8698-180d73f1e5f5
|i abb38df4-2a59-3584-b601-9e25b8be0d41
|t 0
|
| 952 |
f |
f |
|a Texas A&M University
|b College Station
|c Electronic Resources
|s www_evans
|d Available Online
|t 0
|e QA251.5
|h Library of Congress classification
|
| 998 |
f |
f |
|a QA251.5
|t 0
|l Available Online
|